The intelligent entrepreneur : (Record no. 35837)

MARC details
000 -LEADER
campo de control de longitud fija 01639cam a2200313 a 4500
003 - IDENTIFICADOR DE NÚMERO DE CONTROL
campo de control BJBSDDR
005 - FECHA Y HORA DE LA ÚLTIMA TRANSACCIÓN
campo de control 20230410105408.0
007 - CAMPO FIJO DE DESCRIPCIÓN FÍSICA--INFORMACIÓN GENERAL
campo de control de longitud fija ta
008 - DATOS DE LONGITUD FIJA--INFORMACIÓN GENERAL
campo de control de longitud fija 100305s2010 nyu b 001 0 eng
020 ## - NÚMERO INTERNACIONAL ESTÁNDAR DEL LIBRO
Número Internacional Estándar del Libro 9780312611750
020 ## - NÚMERO INTERNACIONAL ESTÁNDAR DEL LIBRO
Número Internacional Estándar del Libro 0312611757
040 ## - FUENTE DE CATALOGACIÓN
Centro catalogador/agencia de origen DLC
Centro/agencia transcriptor DLC
Lengua de catalogación spa
041 ## - CÓDIGO DE IDIOMA
Código de lengua del texto/banda sonora o título independiente eng
050 14 - SIGNATURA TOPOGRÁFICA DE LA BIBLIOTECA DEL CONGRESO
Número de clasificación HB 615
Número de ítem M978i 2010
082 00 - NÚMERO DE LA CLASIFICACIÓN DECIMAL DEWEY
Número de clasificación 658.421
100 1# - ENTRADA PRINCIPAL--NOMBRE DE PERSONA
Nombre de persona Murphy, Bill,
Títulos y otros términos asociados al nombre Jr.
245 14 - MENCIÓN DEL TÍTULO
Título The intelligent entrepreneur :
Resto del título how three Harvard Business School graduates learned the 10 rules of successful entrepreneurship /
Mención de responsabilidad, etc. Bill Murphy Jr.
260 ## - PUBLICACIÓN, DISTRIBUCIÓN, ETC.
Lugar de publicación, distribución, etc. New York :
Nombre del editor, distribuidor, etc. Henry Holt and Co.,
Fecha de publicación, distribución, etc. 2010.
300 ## - DESCRIPCIÓN FÍSICA
Extensión 336 p. :
Otras características físicas ill. ;
Dimensiones 25 cm.
504 ## - NOTA DE BIBLIOGRAFÍA, ETC.
Nota de bibliografía, etc. Incluye referencias bibliográficas e índice.
505 ## - NOTA DE CONTENIDO CON FORMATO
Nota de contenido con formato Entrepreneurship can be learned -- Make the commitment -- Find a problem, then solve it -- Think big, think new, think again -- You can't do it alone -- You must do it alone -- Manage risk -- Learn to lead -- Learn to sell -- Persist, persevere, prevail -- Play the game for life.
520 ## - RESUMEN, ETC.
Sumario, etc. "In 1998, Three Harvard Business School graduates---two men and one woman---turned down six-figure salaries at big corporations, bet on themselves, and launched their own new companies. By the time they returned to Harvard ten years later, their audacity had paid huge dividends. They'd made many millions of dollars, created hundreds of jobs---and left their mark on the world." "Based on dozens of interviews with
650 #4 - PUNTO DE ACCESO ADICIONAL DE MATERIA--TÉRMINO DE MATERIA
Término de materia o nombre geográfico como elemento de entrada Nuevas empresas
9 (RLIN) 376
650 #4 - PUNTO DE ACCESO ADICIONAL DE MATERIA--TÉRMINO DE MATERIA
Término de materia o nombre geográfico como elemento de entrada Emprendimiento
9 (RLIN) 381
650 #4 - PUNTO DE ACCESO ADICIONAL DE MATERIA--TÉRMINO DE MATERIA
Término de materia o nombre geográfico como elemento de entrada Éxito en los negocios
9 (RLIN) 162
650 #0 - PUNTO DE ACCESO ADICIONAL DE MATERIA--TÉRMINO DE MATERIA
Término de materia o nombre geográfico como elemento de entrada Entrepreneurship.
650 #0 - PUNTO DE ACCESO ADICIONAL DE MATERIA--TÉRMINO DE MATERIA
Término de materia o nombre geográfico como elemento de entrada Success in business.
942 ## - ELEMENTOS DE ENTRADA SECUNDARIOS (KOHA)
Fuente del sistema de clasificación o colocación Clasificación de Library of Congress
Tipo de ítem Koha Libro
Holdings
Estatus retirado Estado de pérdida Estado de daño No para préstamo Colección Biblioteca de origen Biblioteca actual Ubicación en estantería Fecha de adquisición Signatura topográfica completa Código de barras Visto por última vez Copia número Tipo de ítem Koha
        Ciencias Sociales Biblioteca Juan Bosch Biblioteca Juan Bosch Ciencias Sociales (3er. Piso) 10/04/2023 HB 615 M978i 2010 00000108361 24/10/2018 1 Libro